000 00332 a2200157 4500
001 174034
020 _a
040 _cMagnum
100 _aLeite, Luci Banks
240 1 0 _aPiaget a escola de genebra
_lpor
245 1 0 _aPiaget a escola de genebra
362 0 _a1899
440 1 _aCortez
697 _aPSICOLOGIA
942 _cBK
999 _c174034
_d174034